000
00300nam a22001337a 4500
008
171027b xxu||||| |||| 00| 0 eng d
020
_a
9780071280921
041
_a
eng
080
_a
336
100
_a
55
101
_a
MEN
245
_a
FOUNDATIONS OF FINANCIAL MANAGEMENT
_c
BLOCK
942
_2
udc
_c
BK
999
_c
36024
_d
36024